|
|
|
|
| LEADER |
00884nam a2200337 4500 |
| 001 |
DLU110127209 |
| 005 |
##20111026 |
| 008 |
##820309s1983 mdua b 001 0 eng |
| 010 |
# |
# |
|a 82002518
|
| 020 |
# |
# |
|a 0914894420
|
| 035 |
# |
# |
|9 (DLC) 82002518
|
| 040 |
# |
# |
|a DLC
|c DLC
|d DLC
|
| 082 |
# |
# |
|a 005.756
|b MA-D
|
| 100 |
# |
# |
|a Maier, David,
|d 1953-
|
| 245 |
# |
# |
|a The theory of relational databases /
|c David Maier.
|
| 260 |
# |
# |
|a Rockville, Md. :
|b Computer Science Press,
|c c1983.
|
| 300 |
# |
# |
|a xv, 637 p. :
|b ill. ;
|c 21x30 cm.
|
| 500 |
# |
# |
|a Includes index.
|
| 504 |
# |
# |
|a Bibliography: p. 593-610.
|
| 650 |
# |
# |
|a Relational databases.
|
| 923 |
# |
# |
|a 01/2011CT
|
| 991 |
# |
# |
|a GT
|
| 992 |
# |
# |
|a 0
|
| 994 |
# |
# |
|a KCT
|
| 900 |
# |
# |
|a True
|
| 911 |
# |
# |
|a Đào Thị Thu Huyền
|
| 925 |
# |
# |
|a G
|
| 926 |
# |
# |
|a A
|
| 927 |
# |
# |
|a SH
|
| 980 |
# |
# |
|a Thư viện Trường Đại học Đà Lạt
|